000 00502ntaaa2200181 4500
003 01
005 20251027201134.0
008 0714s1973 ag 01
040 _aAR-BaBN
_bspa
_cAR-BaBN
_eaacr
_dRIC
082 _a220 L97
100 _aLund, E.
_91372
245 _aHermenéutica; o sea reglas de interpretación de las Sagradas Escrituras /
_cE. Lund
250 _a1 ed.
260 _as.l. :
_bCasa Evangélica de Publicaciones,
_cn.f.
300 _a96 p.
650 _aBiblia-Estudio de
942 _cBK
999 _c5623
_d5623